Cuando los perros viajan a Cuernavaca : novela que dispara hacia la ruta sexual /

Guardado en:
Detalles Bibliográficos
Autor principal: Camacho Morelos, Jesús (autor)
Formato: Libro
Idioma:Español
Publicado: México : Diana, 1968, c1967
Edición:3a edición
Temas:
Etiquetas: Agrega una etiqueta
Sin etiquetas, Sé el primero en etiquetar este registro!

MARC

LEADER 00000nam^a2200000^a^4500
001 000182399
005 20250521000000.0
009 20260310102007.132
037 |a Acervo ITESO - Biblioteca 
041 |a ESP 
082 |a 863.  |b CAM 
100 |a Camacho Morelos, Jesús  |e (autor) 
245 1 0 |a Cuando los perros viajan a Cuernavaca :  |b novela que dispara hacia la ruta sexual /  |c J. Camacho Morelos. 
250 |a 3a edición 
264 4 |a México :  |b Diana,  |c 1968, c1967 
300 |a 142 p. 
336 |a texto  |b txt  |2 rdacontenido 
337 |a sin mediación  |b n  |2 rdamedio 
338 |a volumen  |b nc  |2 rdasoporte 
649 |a XX 
650 |a Novela Mexicana 
650 |a Literatura Mexicana -  |y Siglo XX 
910 |a Fondo General 
920 |a Impresos - Libros 
930 |a Colección General 
940 |a Literatura 
905 |a 101 
901 |a 0500122219  |b IT1  |c LIT  |u 20250521 
902 |a https://opac.biblio.iteso.mx/vufind/Record/000182399